[Event "Krakow op-A"]
[Site "Krakow POL"]
[Date "2017.01.03"]
[Round "8.11"]
[White "Marczuk, Dominik"]
[Black "Golubka, Petro"]
[Result "1/2-1/2"]
[WhiteElo "2251"]
[BlackElo "2407"]
[WhiteFideId "-1"]
[BlackFideId "-1"]
[PlyCount "74"]
[GameId "2130307637210092"]
[EventDate "2016.12.27"]
[EventType "swiss"]
[EventRounds "9"]
[EventCountry "POL"]
[SourceTitle "10 Days #494"]
[Source "Chess Mix"]

1. e4 c5 2. Nf3 d6 3. d4 cxd4 4. Nxd4 Nf6 5. Nc3 a6 6. Be3 e6 7. f3 b5 8. Qd2 Nbd7 9. O-O-O Bb7 10. g4 h6 11. Bd3 b4 12. Nce2 d5 13. exd5 Bxd5 14. Nf4 Qa5 15. Nxd5 Qxd5 16. Kb1 Ne5 17. Qe2 Qb7 18. Bf5 exf5 19. Bf4 O-O-O 20. Bxe5 Bc5 21. Bxf6 gxf6 22. Qc4 Qd5 23. Qxa6+ Qb7 24. Qxb7+ Kxb7 25. Nxf5 Rxd1+ 26. Rxd1 h5 27. Rd7+ Kc6 28. Rxf7 hxg4 29. fxg4 Rxh2 30. Kc1 Kd5 31. Rxf6 Rh1+ 32. Kd2 Rh2+ 33. Kd3 Rh3+ 34. Kd2 Rh2+ 35. Kd3 Rh3+ 36. Ke2 Rh2+ 37. Kd3 Rh3+ 1/2-1/2

[Event "Krakow op-A"]
[Site "Krakow POL"]
[Date "2017.01.04"]
[Round "9.12"]
[White "Golubka, Petro"]
[Black "Terbe, Julianna"]
[Result "1-0"]
[WhiteElo "2407"]
[BlackElo "2191"]
[WhiteFideId "-1"]
[BlackFideId "-1"]
[PlyCount "65"]
[GameId "2130307637210123"]
[EventDate "2016.12.27"]
[EventType "swiss"]
[EventRounds "9"]
[EventCountry "POL"]
[SourceTitle "10 Days #494"]
[Source "Chess Mix"]

1. e4 c5 2. Nf3 Nc6 3. Nc3 e5 4. Bc4 Be7 5. d3 d6 6. a3 Nf6 7. Ba2 O-O 8. Ng5 h6 9. h4 Nd4 10. Be3 Ng4 11. Nf3 Nxe3 12. fxe3 Nxf3+ 13. gxf3 Bxh4+ 14. Kd2 Be6 15. f4 exf4 16. exf4 Bxa2 17. Rxa2 f5 18. Nd5 fxe4 19. dxe4 Bf6 20. Qg1 Qe8 21. Qg2 Kh7 22. Raa1 Qg6 23. Qf3 Rae8 24. Rae1 Bxb2 25. c3 c4 26. f5 Qf7 27. f6 Re5 28. Ref1 gxf6 29. Nxf6+ Kg7 30. Rfg1+ Rg5 31. Rxg5+ hxg5 32. Rh7+ Kg6 33. Qf5# 1-0

[Event "Vasylyshyn mem. IM"]
[Site "Lviv UKR"]
[Date "2016.12.03"]
[Round "1.3"]
[White "Golubka, Petro"]
[Black "Pultorak, Jan"]
[Result "1/2-1/2"]
[WhiteElo "2407"]
[BlackElo "2310"]
[WhiteFideId "-1"]
[BlackFideId "-1"]
[PlyCount "82"]
[GameId "2130307638086986"]
[EventDate "2016.12.03"]
[EventType "tourn"]
[EventRounds "9"]
[EventCountry "UKR"]
[SourceTitle "10 Days #492"]
[Source "ChessMix"]

1. d4 Nf6 2. c4 g6 3. Nc3 d5 4. cxd5 Nxd5 5. e4 Nxc3 6. bxc3 Bg7 7. Be3 c5 8. Rc1 Qa5 9. Qd2 cxd4 10. cxd4 Qxd2+ 11. Kxd2 O-O 12. Nf3 Nc6 13. d5 Rd8 14. Ke1 Nb4 15. Bc4 b5 16. Bxb5 Nxa2 17. Rc7 Rb8 18. Bd3 Ba6 19. Bxa6 Rb1+ 20. Ke2 Rxh1 21. Rxe7 Nc3+ 22. Kd3 Ra1 23. Bc4 Na4 24. Bb5 Ra3+ 25. Kc2 Nc3 26. Bc6 Bf6 27. Bc5 Ra2+ 28. Kd3 Nd1 29. Rxa7 Nxf2+ 30. Ke3 Ng4+ 31. Kf4 Rxg2 32. e5 Bg7 33. Bd4 Nxh2 34. e6 Bh6+ 35. Ke4 fxe6 36. Ne5 Re2+ 37. Kd3 Rd2+ 38. Kc3 Rxd4 39. Kxd4 Bg7 40. Ke4 Bxe5 41. Kxe5 exd5 1/2-1/2

[Event "Vasylyshyn mem. IM"]
[Site "Lviv UKR"]
[Date "2016.12.04"]
[Round "2.4"]
[White "Punin, Andrii"]
[Black "Golubka, Petro"]
[Result "0-1"]
[WhiteElo "2259"]
[BlackElo "2407"]
[WhiteFideId "-1"]
[BlackFideId "-1"]
[PlyCount "80"]
[GameId "2130307638086992"]
[EventDate "2016.12.03"]
[EventType "tourn"]
[EventRounds "9"]
[EventCountry "UKR"]
[SourceTitle "10 Days #492"]
[Source "ChessMix"]

1. e4 e5 2. Nf3 Nc6 3. d4 exd4 4. Nxd4 d6 5. g3 Nge7 6. Bg2 Nxd4 7. Qxd4 Nc6 8. Qd1 h5 9. h4 Bg4 10. f3 Be6 11. Nc3 g6 12. Bg5 Be7 13. Bxe7 Qxe7 14. Qd2 f5 15. O-O-O O-O-O 16. Rhe1 Qf7 17. a3 f4 18. Qxf4 Qxf4+ 19. gxf4 Rdf8 20. Nd5 Rh7 21. Rh1 Bxd5 22. exd5 Ne7 23. Rd4 Kd8 24. Re1 Nf5 25. Rb4 Nxh4 26. Bh3 b6 27. Ra4 a5 28. Bf1 Nxf3 29. Re3 Nh4 30. Bb5 Nf5 31. Re6 h4 32. Rae4 Ne7 33. Re2 h3 34. Rh2 Rxf4 35. c4 g5 36. b4 g4 37. Re3 a4 38. Kd2 Rh8 39. Rhe2 Rf7 40. Rh2 Rg7 0-1

[Event "Vasylyshyn mem. IM"]
[Site "Lviv UKR"]
[Date "2016.12.05"]
[Round "3.2"]
[White "Golubka, Petro"]
[Black "Odnorozhenko, Evgenyi"]
[Result "1/2-1/2"]
[WhiteElo "2407"]
[BlackElo "2328"]
[WhiteFideId "-1"]
[BlackFideId "-1"]
[PlyCount "71"]
[GameId "2130307638086995"]
[EventDate "2016.12.03"]
[EventType "tourn"]
[EventRounds "9"]
[EventCountry "UKR"]
[SourceTitle "10 Days #492"]
[Source "ChessMix"]

1. e4 e5 2. Nf3 Nc6 3. Bb5 a6 4. Bxc6 dxc6 5. O-O f6 6. d4 exd4 7. Nxd4 c5 8. Ne2 Qxd1 9. Rxd1 Bd7 10. Nbc3 O-O-O 11. Be3 Bd6 12. Nf4 Ne7 13. f3 Nc6 14. Nh5 Rhg8 15. Rd2 Be8 16. Ng3 b6 17. Nd5 Bxg3 18. hxg3 Bf7 19. c4 Rd7 20. Rad1 Rgd8 21. g4 h6 22. Bf4 Kb7 23. Kf2 Nd4 24. b4 Ne6 25. bxc5 Nxc5 26. Be3 c6 27. Rb1 cxd5 28. Bxc5 dxe4 29. Rxb6+ Kc7 30. Rxd7+ Rxd7 31. Rxa6 Bxc4 32. Ra7+ Kc6 33. Rxd7 Kxd7 34. fxe4 Bxa2 35. Bf8 g6 36. Bxh6 1/2-1/2

[Event "Vasylyshyn mem. IM"]
[Site "Lviv UKR"]
[Date "2016.12.06"]
[Round "4.5"]
[White "Plichta, Kamil"]
[Black "Golubka, Petro"]
[Result "1/2-1/2"]
[WhiteElo "2336"]
[BlackElo "2407"]
[WhiteFideId "-1"]
[BlackFideId "-1"]
[PlyCount "120"]
[GameId "2130307638087003"]
[EventDate "2016.12.03"]
[EventType "tourn"]
[EventRounds "9"]
[EventCountry "UKR"]
[SourceTitle "10 Days #492"]
[Source "ChessMix"]

1. d4 Nf6 2. c4 e6 3. Nc3 d5 4. cxd5 exd5 5. Bg5 Be7 6. e3 O-O 7. Bd3 Nbd7 8. Nge2 Re8 9. O-O c6 10. Qc2 Nf8 11. f3 Nh5 12. Bxe7 Qxe7 13. e4 dxe4 14. fxe4 Bg4 15. e5 f6 16. Bf5 Bxf5 17. Qxf5 fxe5 18. Qxh5 exd4 19. Nxd4 Qe3+ 20. Kh1 Qxd4 21. Qf7+ Kh8 22. Qxb7 Qb6 23. Rf7 Qxb7 24. Rxb7 a5 25. Rc7 Rad8 26. Rxc6 Rd2 27. Rb6 Ng6 28. Rf1 Nf4 29. Ne4 Rc2 30. Nd6 Rf2 31. Rg1 Rf8 32. h3 h6 33. Ne4 Re2 34. Nc3 Rf2 35. Ne4 Re2 36. Nc3 Rf2 37. Nd1 Rd2 38. Rf1 Kh7 39. Ne3 Nd5 40. Rxf8 Nxb6 41. Rf5 Re2 42. Rb5 Na4 43. Rxa5 Nxb2 44. Nf5 Kg6 45. Nd4 Rd2 46. Ra6+ Kf7 47. Nf5 Nd3 48. a4 Nf4 49. a5 Nxg2 50. Rb6 Ne1 51. Nd6+ Ke7 52. Nc4 Ra2 53. Rb2 Rxb2 54. Nxb2 Kd7 55. Kh2 Kc6 56. Nc4 Kb5 57. Nd6+ Kxa5 58. Nf5 Nd3 59. Kg3 g5 60. Nxh6 Nf4 1/2-1/2

[Event "Vasylyshyn mem. IM"]
[Site "Lviv UKR"]
[Date "2016.12.07"]
[Round "5.1"]
[White "Golubka, Petro"]
[Black "Anwesh, Upadhyaya"]
[Result "1/2-1/2"]
[WhiteElo "2407"]
[BlackElo "2386"]
[WhiteFideId "-1"]
[BlackFideId "-1"]
[PlyCount "57"]
[GameId "2130307638087004"]
[EventDate "2016.12.03"]
[EventType "tourn"]
[EventRounds "9"]
[EventCountry "UKR"]
[SourceTitle "10 Days #492"]
[Source "ChessMix"]

1. d4 d5 2. c4 c6 3. Nc3 Nf6 4. Nf3 e6 5. Bg5 h6 6. Bxf6 Qxf6 7. g3 dxc4 8. Bg2 Nd7 9. O-O Qd8 10. Nd2 Nb6 11. e3 c5 12. Nxc4 cxd4 13. exd4 Nxc4 14. Qa4+ Bd7 15. Qxc4 Be7 16. d5 O-O 17. Rad1 Qb6 18. d6 Bf6 19. Qc7 Bc6 20. Bxc6 bxc6 21. Qxb6 axb6 22. Rd2 Rfd8 23. Rc1 c5 24. b4 cxb4 25. Ne4 Ra3 26. Nxf6+ gxf6 27. Rb1 Ra4 28. Rc1 Ra3 29. Rb1 1/2-1/2

[Event "Vasylyshyn mem. IM"]
[Site "Lviv UKR"]
[Date "2016.12.08"]
[Round "6.5"]
[White "Golubka, Petro"]
[Black "Terletsky, Oleg"]
[Result "0-1"]
[WhiteElo "2407"]
[BlackElo "2263"]
[WhiteFideId "-1"]
[BlackFideId "-1"]
[PlyCount "83"]
[GameId "2130307638087013"]
[EventDate "2016.12.03"]
[EventType "tourn"]
[EventRounds "9"]
[EventCountry "UKR"]
[SourceTitle "10 Days #492"]
[Source "ChessMix"]

1. e4 e5 2. Nf3 Nc6 3. Bb5 a6 4. Ba4 Nf6 5. Qe2 b5 6. Bb3 Be7 7. c3 O-O 8. O-O d6 9. a4 b4 10. a5 Bb7 11. d3 bxc3 12. bxc3 d5 13. Nbd2 d4 14. Bb2 Rb8 15. Nc4 dxc3 16. Bxc3 Nd4 17. Bxd4 exd4 18. Rfb1 Bc5 19. g3 Nd7 20. h4 Bb4 21. Nxd4 Bc3 22. Nf5 Bxa1 23. Rxa1 Bxe4 24. dxe4 Rxb3 25. Rd1 g6 26. Ne5 Nxe5 27. Rxd8 Rxd8 28. Qc2 Nf3+ 29. Kh1 Rdd3 30. Ne7+ Kg7 31. Nd5 h5 32. Nxc7 Rdc3 33. Qa2 Rc1+ 34. Kg2 Rg1+ 35. Kh3 Rh1+ 36. Kg2 Rh2+ 37. Kf1 Re3 38. Qa1+ Kg8 39. fxe3 Rh1+ 40. Kf2 Rxa1 41. Kxf3 Rxa5 42. Nd5 0-1

[Event "Vasylyshyn mem. IM"]
[Site "Lviv UKR"]
[Date "2016.12.09"]
[Round "7.2"]
[White "Skawinski, Arkadiusz"]
[Black "Golubka, Petro"]
[Result "1/2-1/2"]
[WhiteElo "2340"]
[BlackElo "2407"]
[WhiteFideId "-1"]
[BlackFideId "-1"]
[PlyCount "176"]
[GameId "2130307638087015"]
[EventDate "2016.12.03"]
[EventType "tourn"]
[EventRounds "9"]
[EventCountry "UKR"]
[SourceTitle "10 Days #492"]
[Source "ChessMix"]

1. e4 e5 2. Nf3 Nc6 3. Bb5 a6 4. Ba4 Nf6 5. O-O Nxe4 6. d4 b5 7. Bb3 d5 8. dxe5 Be6 9. c3 Be7 10. Nbd2 O-O 11. Qe2 Nc5 12. Nd4 Nxd4 13. cxd4 Nxb3 14. Nxb3 a5 15. Qxb5 Qb8 16. Qc6 Qb6 17. Qc2 a4 18. Nc5 Bxc5 19. dxc5 Qb4 20. a3 Qd4 21. Re1 Rfb8 22. Rb1 Rb5 23. Be3 Qxe5 24. Qd2 Qf5 25. Bd4 Qg6 26. Kh1 Rb3 27. Bc3 c6 28. Rbc1 Qg4 29. Rcd1 d4 30. Qxd4 Qxd4 31. Rxd4 Bd5 32. Rg4 g6 33. Re7 Rb5 34. Bd4 h5 35. Rf4 Rbb8 36. h4 Re8 37. Rc7 Rec8 38. Re7 Re8 39. Rb7 Reb8 40. Rb6 f5 41. Bc3 Rxb6 42. cxb6 c5 43. Kh2 Ra6 44. b7 Bxb7 45. Rc4 Bc6 46. Rxc5 Kf7 47. f3 Be8 48. Rc7+ Ke6 49. Kg3 Rc6 50. Rb7 Rc4 51. Bd2 Bc6 52. Rb8 Bd7 53. Bh6 Rc8 54. Rb4 Rc2 55. Bg7 Bc6 56. Rb6 Rc4 57. b4 axb3 58. Rxb3 f4+ 59. Kh2 Rc2 60. Bb2 Bxf3 61. Rxf3 Rxb2 62. Rxf4 Ke5 63. Rf3 Ra2 64. Kg3 Ra1 65. Re3+ Kf5 66. Rb3 Ke4 67. Rb4+ Kf5 68. Rb5+ Kf6 69. Ra5 Ra2 70. a4 Ra1 71. Kf3 Rf1+ 72. Ke2 Ra1 73. Ke3 Ra2 74. g3 Ra1 75. Ra8 Kf5 76. Ra5+ Kf6 77. Ke4 Re1+ 78. Kd4 Ra1 79. Kc4 Ra3 80. Kb4 Rxg3 81. Rc5 Rh3 82. Rc4 g5 83. Rc6+ Kf5 84. Rc5+ Kg6 85. hxg5 h4 86. a5 Rh1 87. a6 Rb1+ 88. Ka5 h3 1/2-1/2

[Event "Vasylyshyn mem. IM"]
[Site "Lviv UKR"]
[Date "2016.12.10"]
[Round "8.4"]
[White "Golubka, Petro"]
[Black "Bogdanov, Egor"]
[Result "1/2-1/2"]
[WhiteElo "2407"]
[BlackElo "2396"]
[WhiteFideId "-1"]
[BlackFideId "-1"]
[PlyCount "30"]
[GameId "2130307638087022"]
[EventDate "2016.12.03"]
[EventType "tourn"]
[EventRounds "9"]
[EventCountry "UKR"]
[SourceTitle "10 Days #492"]
[Source "ChessMix"]

1. b3 b6 2. Bb2 Bb7 3. c4 c5 4. Nf3 Nf6 5. e3 e6 6. Nc3 Nc6 7. d4 cxd4 8. Nxd4 Nxd4 9. Qxd4 Bc5 10. Qf4 O-O 11. Be2 Qe7 12. Bf3 Bxf3 13. gxf3 Ba3 14. O-O-O Rac8 15. Rhg1 d5 1/2-1/2

[Event "Vasylyshyn mem. IM"]
[Site "Lviv UKR"]
[Date "2016.12.11"]
[Round "9.3"]
[White "Sychevskyy, Andriy"]
[Black "Golubka, Petro"]
[Result "0-1"]
[WhiteElo "2315"]
[BlackElo "2407"]
[WhiteFideId "-1"]
[BlackFideId "-1"]
[PlyCount "62"]
[GameId "2130307638087026"]
[EventDate "2016.12.03"]
[EventType "tourn"]
[EventRounds "9"]
[EventCountry "UKR"]
[SourceTitle "10 Days #492"]
[Source "ChessMix"]

1. d4 d5 2. c4 e6 3. Nf3 Nf6 4. g3 c5 5. cxd5 exd5 6. Bg2 Nc6 7. O-O Be7 8. Nc3 O-O 9. dxc5 Bxc5 10. Na4 Be7 11. Be3 Re8 12. Rc1 Bg4 13. Nc5 Bxc5 14. Bxc5 Qd7 15. Re1 Bh3 16. Bh1 Ne4 17. Nd4 Ne5 18. f3 Nxc5 19. Rxc5 Nc4 20. Nc2 Qe7 21. Qd4 Rad8 22. e4 Nd6 23. Rxd5 Be6 24. Ne3 Nb5 25. Qc5 Bxd5 26. Qxb5 Bc6 27. Qa5 Qf6 28. b3 Qd4 29. Re2 b6 30. Qxa7 Bb5 31. Re1 Qc3 0-1

[Event "Voivoda Cup"]
[Site "Legnica POL"]
[Date "2016.11.24"]
[Round "1.4"]
[White "Kriebel, Tadeas"]
[Black "Golubka, Petro"]
[Result "1/2-1/2"]
[WhiteElo "2464"]
[BlackElo "2403"]
[WhiteFideId "-1"]
[BlackFideId "-1"]
[PlyCount "222"]
[GameId "2129404772977968"]
[EventDate "2016.11.24"]
[EventType "tourn"]
[EventRounds "9"]
[EventCountry "POL"]
[EventCategory "9"]
[SourceTitle "10 Days #490"]
[Source "Chess Mix"]
[WhiteClock "0:19:06"]
[BlackClock "0:04:26"]

1. e4 e5 2. Nf3 Nc6 3. Bb5 a6 4. Ba4 d6 5. O-O Nf6 6. Re1 b5 7. Bb3 Be7 8. c3 Bg4 9. d3 Na5 10. Bc2 c5 11. Nbd2 O-O 12. h3 Bd7 13. Nf1 Nc6 14. Ne3 Rc8 15. a3 Be6 16. Ng5 Qd7 17. b4 d5 18. exd5 Nxd5 19. Nxd5 Bxd5 20. bxc5 f6 21. Ne4 f5 22. Nd6 Bxd6 23. cxd6 Qxd6 24. Bb2 f4 25. f3 Rfe8 26. Qe2 Bf7 27. Rad1 a5 28. Kh2 Re7 29. Qf2 b4 30. cxb4 axb4 31. d4 exd4 32. Qh4 h6 33. Rxe7 Qxe7 34. Qxe7 Nxe7 35. Be4 bxa3 36. Bxa3 Nd5 37. Bxd5 Bxd5 38. Rxd4 Be6 39. Rxf4 h5 40. Re4 Bf7 41. Re7 Rc2 42. Re5 Ra2 43. Be7 Ra6 44. Bh4 Re6 45. Rc5 Re2 46. Kg3 Be8 47. Bg5 Bg6 48. Bf4 Rc2 49. Rg5 Bf7 50. Be5 g6 51. Ba1 Ra2 52. Bc3 Be8 53. Re5 Kf7 54. Bb4 Ra7 55. Bc5 Rb7 56. Kf4 Ba4 57. Kg5 Bc2 58. f4 Rd7 59. g4 hxg4 60. hxg4 Bd3 61. Kh6 Bc4 62. Ba3 Bd3 63. Ra5 Be4 64. Ra6 Bd3 65. Ra8 Ke6 66. Re8+ Kd5 67. Re5+ Kc4 68. Be7 Rb7 69. Bf6 Rb1 70. Re8 Rg1 71. g5 Bb1 72. Rd8 Rg3 73. Rd4+ Kc5 74. Rd1 Bf5 75. Be7+ Kc4 76. Bf6 Rd3 77. Re1 Rf3 78. Be5 Rb3 79. Ra1 Rb6 80. Rd1 Rc6 81. Bf6 Ra6 82. Rd8 Rc6 83. Be5 Kc5 84. Bf6 Kc4 85. Re8 Kd3 86. Re5 Be4 87. Ra5 Ke3 88. Be5 Kf3 89. Ra7 Kg4 90. Rf7 Rc8 91. Rf6 Rg8 92. Bd6 Rd8 93. Kg7 Rd7+ 94. Kf8 Bf5 95. Ke8 Rxd6 96. Rxd6 Kxf4 97. Ke7 Kxg5 98. Rd4 Bg4 99. Rd2 Kf5 100. Rf2+ Ke5 101. Ra2 Kf5 102. Ra5+ Ke4 103. Ra4+ Kf5 104. Kd6 Bf3 105. Ra7 g5 106. Rf7+ Ke4 107. Kc5 g4 108. Re7+ Kd3 109. Rg7 Ke4 110. Kc4 Ke3 111. Rxg4 Bxg4 1/2-1/2

[Event "Voivoda Cup"]
[Site "Legnica POL"]
[Date "2016.11.25"]
[Round "2.2"]
[White "Golubka, Petro"]
[Black "Nosenko, Alexander"]
[Result "1-0"]
[WhiteElo "2403"]
[BlackElo "2524"]
[WhiteFideId "-1"]
[BlackFideId "-1"]
[PlyCount "53"]
[GameId "2129404772977971"]
[EventDate "2016.11.24"]
[EventType "tourn"]
[EventRounds "9"]
[EventCountry "POL"]
[EventCategory "9"]
[SourceTitle "10 Days #490"]
[Source "Chess Mix"]
[WhiteClock "0:31:01"]
[BlackClock "1:15:56"]

1. e4 g6 2. d4 Bg7 3. Nc3 d6 4. Be3 a6 5. Qd2 b5 6. a4 b4 7. Nd5 a5 8. c3 c6 9. Nf4 bxc3 10. bxc3 Nd7 11. f3 Ngf6 12. h4 h6 13. Nge2 Nb6 14. Ng3 h5 15. Bd3 Nfd7 16. O-O Ba6 17. Bxa6 Rxa6 18. Qd3 Ra8 19. e5 d5 20. Nxg6 Rg8 21. Nxh5 Nc4 22. Bg5 Bf8 23. Ngf4 Qb6 24. Rfb1 Qa7 25. Qh7 Rxg5 26. hxg5 Ndxe5 27. Kh1 1-0

[Event "Voivoda Cup"]
[Site "Legnica POL"]
[Date "2016.11.25"]
[Round "3.5"]
[White "Sieciechowicz, Marcin"]
[Black "Golubka, Petro"]
[Result "1/2-1/2"]
[WhiteElo "2408"]
[BlackElo "2403"]
[WhiteFideId "-1"]
[BlackFideId "-1"]
[PlyCount "65"]
[GameId "2129404772977979"]
[EventDate "2016.11.24"]
[EventType "tourn"]
[EventRounds "9"]
[EventCountry "POL"]
[EventCategory "9"]
[SourceTitle "10 Days #490"]
[Source "Chess Mix"]
[WhiteClock "0:45:27"]
[BlackClock "0:35:07"]

1. d4 d5 2. c4 c6 3. Nf3 Nf6 4. Nc3 e6 5. Bg5 Nbd7 6. e3 Qa5 7. cxd5 Nxd5 8. Qd2 Bb4 9. Rc1 h6 10. Bh4 O-O 11. a3 Bxc3 12. bxc3 c5 13. c4 Qxd2+ 14. Nxd2 N5f6 15. f3 b6 16. Be2 Bb7 17. O-O Bc6 18. Bf2 Rfc8 19. Nb3 Ba4 20. Rb1 e5 21. dxc5 Bxb3 22. Rxb3 Nxc5 23. Rbb1 e4 24. Rfd1 Re8 25. Kf1 Rac8 26. Rd2 Nfd7 27. f4 Rc7 28. Rbd1 Nf6 29. Rd8 Nd3 30. Rxe8+ Nxe8 31. Bxd3 exd3 32. Rxd3 Rxc4 33. Rd8 1/2-1/2

[Event "Voivoda Cup"]
[Site "Legnica POL"]
[Date "2016.11.26"]
[Round "4.1"]
[White "Czarnota, Pawel"]
[Black "Golubka, Petro"]
[Result "1/2-1/2"]
[WhiteElo "2554"]
[BlackElo "2403"]
[WhiteFideId "-1"]
[BlackFideId "-1"]
[PlyCount "46"]
[GameId "2129404772977980"]
[EventDate "2016.11.24"]
[EventType "tourn"]
[EventRounds "9"]
[EventCountry "POL"]
[EventCategory "9"]
[SourceTitle "10 Days #490"]
[Source "Chess Mix"]
[WhiteClock "1:21:57"]
[BlackClock "0:54:14"]

1. e4 c5 2. Nf3 d6 3. d4 cxd4 4. Nxd4 Nf6 5. Nc3 a6 6. Be2 e6 7. O-O Be7 8. f4 O-O 9. a4 Nc6 10. Be3 Qc7 11. Kh1 Bd7 12. Bd3 Nxd4 13. Bxd4 e5 14. Bg1 exf4 15. Bd4 Be6 16. Rxf4 Nd7 17. Qh5 Ne5 18. Raf1 g6 19. Qd1 Bg5 20. R4f2 Bh4 21. Rf4 Bg5 22. R4f2 Bh4 23. Rf4 Bg5 1/2-1/2

[Event "Voivoda Cup"]
[Site "Legnica POL"]
[Date "2016.11.27"]
[Round "5.5"]
[White "Golubka, Petro"]
[Black "Sabuk, Piotr"]
[Result "1/2-1/2"]
[WhiteElo "2403"]
[BlackElo "2365"]
[WhiteFideId "-1"]
[BlackFideId "-1"]
[PlyCount "61"]
[GameId "2129404772977989"]
[EventDate "2016.11.24"]
[EventType "tourn"]
[EventRounds "9"]
[EventCountry "POL"]
[EventCategory "9"]
[SourceTitle "10 Days #490"]
[Source "Chess Mix"]
[WhiteClock "0:18:28"]
[BlackClock "0:58:22"]

1. d4 d5 2. c4 e6 3. Nc3 Be7 4. Nf3 Nf6 5. Bg5 h6 6. Bxf6 Bxf6 7. e3 O-O 8. Qc2 c5 9. dxc5 dxc4 10. Bxc4 Nd7 11. c6 Ne5 12. Nxe5 Bxe5 13. Be2 Qc7 14. f4 Bf6 15. Ne4 Be7 16. Rd1 Qa5+ 17. Kf2 bxc6 18. Nd6 Bxd6 19. Rxd6 Qxa2 20. Rxc6 Bb7 21. Rc3 Rfc8 22. Rd1 Rxc3 23. Qxc3 Rc8 24. Qd4 Qd5 25. Qxd5 Bxd5 26. Rd2 Kf8 27. Bf3 Bxf3 28. Kxf3 Ke7 29. Rd4 Rb8 30. Ra4 Rxb2 31. Rxa7+ 1/2-1/2

[Event "Voivoda Cup"]
[Site "Legnica POL"]
[Date "2016.11.28"]
[Round "6.2"]
[White "Warakomski, Tomasz"]
[Black "Golubka, Petro"]
[Result "1/2-1/2"]
[WhiteElo "2497"]
[BlackElo "2403"]
[WhiteFideId "-1"]
[BlackFideId "-1"]
[PlyCount "60"]
[GameId "2129404772977991"]
[EventDate "2016.11.24"]
[EventType "tourn"]
[EventRounds "9"]
[EventCountry "POL"]
[EventCategory "9"]
[SourceTitle "10 Days #490"]
[Source "Chess Mix"]
[WhiteClock "0:52:58"]
[BlackClock "0:34:16"]

1. e4 e5 2. Nf3 Nc6 3. Bb5 a6 4. Ba4 d6 5. O-O Nf6 6. Re1 b5 7. Bb3 Be7 8. c3 Bg4 9. h3 Bh5 10. d3 O-O 11. Nbd2 Na5 12. Bc2 c5 13. Nf1 Bxf3 14. Qxf3 Kh8 15. Ng3 g6 16. Bh6 Re8 17. Rad1 Rc8 18. Bb1 Qc7 19. Nf1 Qb7 20. d4 cxd4 21. cxd4 Nc6 22. Be3 exd4 23. Bxd4 Nxd4 24. Rxd4 Qb6 25. Red1 Kg7 26. Ne3 Rc1 27. R4d2 Rec8 28. Bc2 Rxd1+ 29. Rxd1 Qb7 30. Qe2 Rc5 1/2-1/2

[Event "Voivoda Cup"]
[Site "Legnica POL"]
[Date "2016.11.28"]
[Round "7.4"]
[White "Golubka, Petro"]
[Black "Simacek, Pavel"]
[Result "0-1"]
[WhiteElo "2403"]
[BlackElo "2474"]
[WhiteFideId "-1"]
[BlackFideId "-1"]
[PlyCount "96"]
[GameId "2129404772977998"]
[EventDate "2016.11.24"]
[EventType "tourn"]
[EventRounds "9"]
[EventCountry "POL"]
[EventCategory "9"]
[SourceTitle "10 Days #490"]
[Source "Chess Mix"]
[WhiteClock "0:02:37"]
[BlackClock "0:22:36"]

1. e4 e5 2. f4 exf4 3. Bc4 c6 4. Nc3 Bb4 5. Bb3 Ne7 6. Nge2 d5 7. Nxf4 O-O 8. exd5 Nxd5 9. Ncxd5 Re8+ 10. Kf2 cxd5 11. c3 Bd6 12. d4 Nc6 13. Nxd5 Bf5 14. Qh5 Qd7 15. Be3 Na5 16. Ba4 b5 17. Bxb5 Qxb5 18. Qxf5 Qxb2+ 19. Kf3 Nc4 20. Rae1 Qxa2 21. Bh6 Ne5+ 22. dxe5 Qxd5+ 23. Qe4 Rxe5 24. Qxd5 Rxd5 25. Be3 a5 26. Rd1 Rxd1 27. Rxd1 Be5 28. Bd4 Bxd4 29. Rxd4 a4 30. Rd2 a3 31. Ra2 f5 32. Ke3 Kf7 33. Kd4 g5 34. c4 Ke6 35. Kc5 Ke5 36. Kb6 Kd4 37. c5 Kc3 38. Kb7 Ra4 39. c6 Kb3 40. Rf2 Rb4+ 41. Ka6 Rc4 42. Kb5 Rc3 43. Rxf5 a2 44. Rf1 Ka3 45. g4 Rb3+ 46. Kc4 Rb1 47. Rf8 Rb4+ 48. Kc5 a1=Q 0-1

[Event "Voivoda Cup"]
[Site "Legnica POL"]
[Date "2016.11.29"]
[Round "8.3"]
[White "Kanarek, Marcel"]
[Black "Golubka, Petro"]
[Result "1/2-1/2"]
[WhiteElo "2528"]
[BlackElo "2403"]
[WhiteFideId "-1"]
[BlackFideId "-1"]
[PlyCount "61"]
[GameId "2129404772982098"]
[EventDate "2016.11.24"]
[EventType "tourn"]
[EventRounds "9"]
[EventCountry "POL"]
[EventCategory "9"]
[SourceTitle "10 Days #490"]
[Source "Chess Mix"]
[WhiteClock "0:47:49"]
[BlackClock "0:06:48"]

1. Nf3 d5 2. d4 e6 3. c4 c5 4. cxd5 exd5 5. Nc3 Nc6 6. dxc5 d4 7. Na4 Bxc5 8. Nxc5 Qa5+ 9. Bd2 Qxc5 10. b4 Nxb4 11. Rc1 Qd6 12. e3 Nc6 13. Nxd4 Nxd4 14. Bc3 Ne7 15. Qxd4 Qxd4 16. Bxd4 O-O 17. Be2 Be6 18. a3 Nc6 19. Bc3 Rfc8 20. O-O Rab8 21. Rb1 f6 22. f4 Ne7 23. Bb4 Nd5 24. Bf3 Nxb4 25. axb4 Rc7 26. Rfd1 Kf7 27. Ra1 b6 28. Ra3 Re8 29. Kf2 Ree7 30. g4 g6 31. h4 1/2-1/2

[Event "Voivoda Cup"]
[Site "Legnica POL"]
[Date "2016.11.30"]
[Round "9.3"]
[White "Golubka, Petro"]
[Black "Janik, Igor"]
[Result "1/2-1/2"]
[WhiteElo "2403"]
[BlackElo "2320"]
[WhiteFideId "-1"]
[BlackFideId "-1"]
[PlyCount "124"]
[GameId "2129404772982103"]
[EventDate "2016.11.24"]
[EventType "tourn"]
[EventRounds "9"]
[EventCountry "POL"]
[EventCategory "9"]
[SourceTitle "10 Days #490"]
[Source "Chess Mix"]
[WhiteClock "0:06:09"]
[BlackClock "1:18:00"]

1. e4 c5 2. Nf3 d6 3. d4 cxd4 4. Nxd4 Nf6 5. Nc3 g6 6. Be3 Bg7 7. f3 O-O 8. Qd2 Nc6 9. O-O-O d5 10. exd5 Nxd5 11. Nxc6 bxc6 12. Bd4 Bxd4 13. Qxd4 Qb6 14. Na4 Qc7 15. Bc4 Rd8 16. Bb3 Bf5 17. g3 Rd6 18. Rhe1 Rad8 19. Qc5 Nb6 20. Nc3 Rxd1+ 21. Nxd1 Qd7 22. Qf2 Nd5 23. Ne3 Be6 24. Nc4 Qc7 25. Qc5 Nb6 26. Ne5 Rd6 27. Nd3 Bxb3 28. axb3 Qd7 29. Qg5 f6 30. Qe3 Nd5 31. Qe4 e5 32. f4 exf4 33. gxf4 Kf7 34. f5 Qxf5 35. Qe8+ Kg7 36. Re7+ Kh6 37. Qf8+ Kg5 38. Rxh7 Qf1+ 39. Kd2 Qg2+ 40. Kc1 Qg1+ 41. Kd2 Qe3+ 42. Kd1 Qg1+ 43. Kd2 Qg2+ 44. Kc1 Qf1+ 45. Kd2 Re6 46. Qh6+ Kf5 47. Qh3+ Qxh3 48. Rxh3 g5 49. b4 Re4 50. c3 Nf4 51. Nxf4 Rxf4 52. Ke3 Kg4 53. Rg3+ Kh4 54. b3 f5 55. c4 a6 56. Rg1 Re4+ 57. Kd3 Rf4 58. Ke3 Rg4 59. Ra1 Kh3 60. Rxa6 Kxh2 61. Rxc6 Rg3+ 62. Kd4 Rxb3 1/2-1/2

[Event "Scandic op"]
[Site "Stockholm SWE"]
[Date "2016.11.04"]
[Round "1.7"]
[White "Golubka, Petro"]
[Black "Sjostrand, Joel"]
[Result "1-0"]
[WhiteElo "2403"]
[BlackElo "1904"]
[WhiteFideId "-1"]
[BlackFideId "-1"]
[PlyCount "49"]
[GameId "2130307638630449"]
[EventDate "2016.11.04"]
[EventType "swiss"]
[EventRounds "8"]
[EventCountry "SWE"]
[SourceTitle "10 Days #488"]
[Source "Chess Mix"]

1. e4 d6 2. d4 Nf6 3. Nc3 e5 4. Nf3 Nbd7 5. Rg1 g6 6. g4 Bg7 7. g5 Nh5 8. Be3 O-O 9. Qd2 exd4 10. Nxd4 Ne5 11. Be2 c5 12. Ndb5 Qb6 13. O-O-O Be6 14. Qxd6 Rfc8 15. Qxb6 axb6 16. a3 Nc4 17. Bxc4 Bxc4 18. Nd6 Bxc3 19. bxc3 Be6 20. Nxc8 Rxc8 21. Rd6 b5 22. Rgd1 b6 23. Rd8+ Rxd8 24. Rxd8+ Kg7 25. Rb8 1-0